000
00294nam a2200121Ia 4500
008
231120s2016 xx 000 0 und d
041
_a
eng
082
_a
751.45
100
_a
JULIE COLLINS
245
_a
COLOUR MIXING GUIDE OILS
260
_a
SEARCH PRESS
_b
SEARCH PRESS
_c
2016
300
_a
P-48
999
_c
933328
_d
933328